[Event "AUT-ch U08"]
[Site "Fuerstenfeld"]
[Date "2024.05.19"]
[Round "5"]
[White "Neuhold, Maximilian"]
[Black "Kurz, Alexander Harald"]
[Result "0-1"]
[WhiteElo "800"]
[BlackElo "909"]
[PlyCount "106"]
[EventDate "2024.05.18"]
[EventType "swiss (rapid)"]
[EventRounds "7"]
[EventCountry "AUT"]
[SourceTitle "EXT 2025"]
[Source "ChessBase"]
[SourceDate "2024.10.14"]
[SourceVersion "1"]
[SourceVersionDate "2024.10.14"]
[SourceQuality "1"]

1. e4 e5 2. Nf3 Nc6 3. Bc4 Bc5 4. d3 Nf6 5. Nc3 0-0 6. 0-0 d6 7. h3 Be6 8. Bxe6 fxe6 9. Ng5 Re8 10. Be3 Bxe3 11. fxe3 Nd7 12. Qh5 h6 13. Nf7 Nf6 14. Nxh6+ gxh6 15. Qg6+ Kh8 16. Rxf6 Re7 17. Raf1 Rh7 18. Rf7 Qg8 19. Qf6+ Rg7 20. Rxg7 Qxg7 21. Qxe6 Rg8 22. Qf6 Qxf6 23. Rxf6 Kg7 24. Rf3 Kh7 25. d4 exd4 26. exd4 Nxd4 27. Rf2 Kg7 28. Nd5 Rf8 29. c3 c6 30. Rd2 Ne6 31. Ne3 Rd8 32. g4 Nc5 33. Nf5+ Kg6 34. e5 d5 35. b4 Ne4 36. Rc2 Re8 37. Nd6 Nxd6 38. exd6 Rd8 39. h4 Rxd6 40. h5+ Kg5 41. c4 Kxg4 42. cxd5 Rxd5 43. Rg2+ Kxh5 44. Kf2 Rd2+ 45. Kf3 Rxg2 46. Kxg2 Kg4 47. Kf2 Kf4 48. Ke2 Ke4 49. a3 Kd4 50. Kd2 Kc4 51. Ke3 Kb3 52. Kf4 Kxa3 53. Ke5 Kxb4 0-1